Guess the sabaton song based on the lyrics - Statistics

General Stats
  • This quiz has been taken 700 times
  • The average score is 9 of 11
Answer Stats
Hint Answer % Correct
He was made to rule the waves across the seven seasTo lead the war machine To rule the waves and lead the Kriegsmarine The terror of the seas Bismarck
97%
And today we're all brothersTonight we're all friends A moment of peace in a war that never ends Today we're all brothers We drink and unite Now Christmas has arrived and the snow turns the ground white Hear carols from the trenches We sing O Holy Night Our guns laid to rest among snowflakes A Christmas in the trenches A Christmas on the front far from home Christmas Truce
91%
I won't be coming homeI won't be going anywhere I will guard this post forever Here on the alpine slope, where I did my final stand, I shall remain Among the ice and snow that binds me to this mountain Soldier of Heaven
85%
Strike at zero hourWith overwhelming firepower They're fueled by the fear in their enemies eyes Stormtroopers
85%
Thousands of feet march to the beatIt's an army on the march Long way from home Paying the price in young men's lives The Price of a Mile
82%
A shadow moves across the water in pursuitIt splits the waves, commands the sea and defies the wind Instilling fear among its prey, feels nought for itself Dreadnought
78%
First to the scene, he is a lethal machineIt's bloody April and the tide is turning Fire at will, it is the thrill of the kill Four in a day shot down with engines burning The Red Baron
78%
Who shall be rememberedIn the ancient house of war? All the medals, all those stories In the alley of the greats Celebrated hero Who has wandered through the dark She stand before you All that metal shining bright Lost in time, returning to the light Bow before, this lady fight for life Lady of the Dark
77%
A force deployed from overseasA war in foreign land await the eager recruits And in their midst, among the men A soldier with a different past return to his roots Into battle, the gas has them pinned Then this soldier invoke the spirits of the wind Under fire, a ghost that roams the battlefield Move between the lines, a soldier breaking the confines Just another man and rifle, a marksman and a scout revealed Makes his way from trench to trench alone, moving undetected A Ghost in the Trenches
74%
Kill, fight, dieThat's what a soldier should do Devil dogs
73%
There is no enemyThere is no victory Only boys who lost their lives in the sand Cliffs of Gallipoli
64%
No matching quizzes found
Score Distribution
Percent of People with Each Score
Percentile by Number Answered
Your Score History
You have not taken this quiz